| 000 | 00717nam a2200193 a 4500 | ||
|---|---|---|---|
| 003 | 0 | ||
| 005 | 20250226090103.0 | ||
| 008 | 101013s19uu xx 00 eng d | ||
| 050 |
_aPHS QR 201.A5 _b.P21 2010 |
||
| 100 | _aParis, Chelsea Colleen G. | ||
| 245 |
_aThe antibacterial effects of essential oils / _cChelsea Colleen G. Paris. |
||
| 260 |
_aLas PiƱas City, Philippines : _bSouthville International School and Colleges, _c2010. |
||
| 300 |
_a34 pages : _billustrations ; _c30 cm. |
||
| 504 | _aIncludes bibliographical references. | ||
| 650 |
_aEssential oils _xAntibacterial properties. |
||
| 650 |
_aBacteria _xEffect of essential oils on. |
||
| 650 |
_aEssential oils _xTherapeutic use. |
||
| 942 |
_2lcc _cPASS |
||
| 999 |
_c98438 _d98438 |
||